| 000 | 00727nam a2200217 a 4500 | ||
|---|---|---|---|
| 001 | 49508 | ||
| 003 | BD-RjUL | ||
| 005 | 20211209054705.0 | ||
| 008 | 180508s2016 bg a||| |||| 00|ben|eng|d | ||
| 020 |
_a9789845190244 _c: Complimentary |
||
| 035 | _a(BD-RjUL)49627 | ||
| 040 |
_aBD-RjUL _beng _cBD-RjUL |
||
| 041 | _aeng | ||
| 082 |
_223 _aRA 330.954923021 _bFEN 2016 |
||
| 110 | 1 |
_aBangladesh Bureau of Statistics (BBS) _9221369 |
|
| 245 | 1 | 0 |
_aEconomic Census 2013, District Report: _bFeni / _cBangladesh Bureau of Statistics (BBS) |
| 260 |
_aDhaka: _bBBS, _c2016 |
||
| 300 |
_axxviii, 495 p. : _bIll. ; _c28 cm. |
||
| 650 |
_aBangladesh _zFeni _xEconomic conditions _y21st century _vStatistics _9221370 |
||
| 942 |
_2ddc _cRAR |
||
| 999 |
_c49508 _d49508 |
||